000 00488cam a22001697 4500
001 ltf90027394
003 DLC
005 20260227111550.0
008 910124s1931 gw 000 0 ger
010 _altf90027394
040 _aDLC
_cDLC
_dDLC
050 0 0 _a4DD 1867
100 1 _aArnim, Hans Friedrich August von,
_d1859-1931.
245 1 0 _aDeutschlands Erwecker;
_bKampf und Werk des Freiherrn Karl vom Stein.
260 _aBerlin-Lankwitz,
_bO.F. Hübner
_c[c1931]
300 _a171 p.
999 _c37393
_d37393